| 000 | 00945nam a2200241 a 4500 | ||
|---|---|---|---|
| 001 | 79364 | ||
| 003 | BD-RjUL | ||
| 005 | 20220510104535.0 | ||
| 008 | 220213s2008eng |||a|||| m||| 00| 0 eng d | ||
| 035 | _a(BD-RjUL)79364 | ||
| 040 |
_aBD-RjUL _beng _cBD-RjUL _dBD-RjUL |
||
| 041 | _aeng | ||
| 082 |
_a332.71 _bMIR 2008 _223 |
||
| 100 |
_aMiah, Md. Nurunnabi _91287 |
||
| 245 | 0 | 1 |
_aRole of Agricultural Credit in Rice productivity in Bangladsh: _bA Stochastic frontier approach / _cMd. Nurunnabi Miah ; _6Supervisor: Md. Abdul Wadud |
| 260 |
_aRajshahi : _bDepartment of Economics, University of Rajshahi, _c2008 |
||
| 300 |
_axiii, 164 Leaves : _bill. ; _c29 cm. |
||
| 502 | _aThesis (M.Phil.) -- Department of Economics, University of Rajshahi, 2008 | ||
| 504 | _aBibliography : Leaves [155]-164 | ||
| 650 |
_aAgricultural Credit _zBangladesh _zRajshahi District _91288 |
||
| 700 |
_aWadud, Md. Abdul, Supervisor _91289 |
||
| 942 |
_2ddc _cTHE |
||
| 999 |
_c79364 _d79364 |
||